000 00633nam a2200241 i 4500
001 C2-0144771
003 PPAK
005 20180727130459.0
008 980226s1993 xxk |||| ||||| | eng d
020 _a0582209064
040 _aPPAK
_beng
_cPPAK
_erda
082 0 4 _a337.142
_223
090 0 0 _a337.142
_bCOR
_dR
100 1 _aCorbett, Richard,
_eauthor
245 1 4 _aThe treaty of Maastricht
264 1 _aEssex :
_bLongman Group ,
_c1993
300 _a512 pages ;
_c25 cm
336 _2rdacontent
_atext
337 _2rdamedia
_aunmediated
338 _2rdacarrier
_avolume
650 1 0 _aEuropean federation
942 _ddc
_cB
999 _c45657
_d45657